Reengineering the public service : Leadership and change in an electronic age

Bibliographic Details
Other Authors: Muhammad Rais Abdul Karim
Format: Book
Published: Subang Jaya : Pelanduk Publications , 1999
Subjects:

MARC

LEADER 00000cam a2200000 7i4500
001 0000006159
005 20050625.0
020 |a 9679787052 
040 |a INS 
090 0 0 |a JQ716.Z1   |b R43 1999 
245 0 0 |a Reengineering the public service :   |b Leadership and change in an electronic age   |c edited by Muhammad Rais Abdul Karim 
260 |a Subang Jaya :   |b Pelanduk Publications ,   |c 1999 
300 |a 403p ;   |c 22 cm. 
650 0 0 |a Civil service ethics   |z Malaysia 
650 0 0 |a Civil service reform   |z Malaysia 
650 0 0 |a Information technology   |z Malaysia 
650 0 0 |a Reengineering(Management)   |z Malaysia 
700 0 |a Muhammad Rais Abdul Karim 
999 |a 0000007636   |b BOOK   |c Open Shelf   |e Default branch 
999 |a 0000007691   |b BOOK   |c Open Shelf   |e Default branch 
999 |a 0000009946   |b BOOK   |c Open Shelf   |e Default branch